000 00284nam a2200109Ia 4500
008 171211s9999 xx 000 0 und d
245 _aClassic Makeup and Beauty
245 _cMary Quant
260 _c1998
650 _xHobbies
856 _uhttp://down.ebook777.com/062/0789432943.pdf
999 _c350347
_d350347